| 000 | 00974cam a22002777a 4500 | ||
|---|---|---|---|
| 999 |
_c12836 _d12836 |
||
| 003 | OSt | ||
| 005 | 20240802160000.0 | ||
| 008 | 110624s2011 gw a 001 0 eng d | ||
| 020 | _a9783899553468 | ||
| 042 | _alccopycat | ||
| 043 | _ae------ | ||
| 050 | 0 | 0 |
_aN8600 _b.T397 2011 |
| 082 | 0 | 4 |
_a706.81 _222 |
| 245 | 0 | 0 |
_aTaxing art : _bwhen objects travel / _cBeta Tank. |
| 260 |
_aBerlin : _bGestalten, _c2011. |
||
| 300 |
_a160 p. : _bill. (some col.) ; _c22 cm. |
||
| 500 | _a"This revealing illustrated essay by Berlin-based studio Beta Tank puts the spotlight on the largely underestimated effect that tax laws have on where design ends and art begins"--P. [4] of cover. | ||
| 500 | _aIncludes index. | ||
| 650 | 0 |
_aArt _xEconomic aspects _zEurope. |
|
| 650 | 0 |
_aArt _xTransportation. |
|
| 650 | 0 | _aInstallations (Art) | |
| 650 | 0 | _aArt and state. | |
| 710 | 2 | _aBeta Tank (Firm) | |
| 942 | _2ddc | ||